UM Logo
Normal view MARC view
  • Human trafficking

Entry Topical Term

Number of records used in: 1

001 - CONTROL NUMBER

  • control field: 1235

003 - CONTROL NUMBER IDENTIFIER

  • control field: OSt

005 - DATE AND TIME OF LATEST TRANSACTION

  • control field: 20151216134804.0

008 - FIXED-LENGTH DATA ELEMENTS

  • fixed length control field: 151216|| aca||babn | a|a d

040 ## - CATALOGING SOURCE

  • Original cataloging agency: OSt

150 ## - HEADING--TOPICAL TERM

  • Topical term or geographic name entry element: Human trafficking
  • General subdivision: prevention